000 00330nam a2200145Ia 4500
100 _aSchildt/ Herbert
942 _cBK
654 _aC:the complete reference
245 _aC:the complete reference
260 _bOsborne Mc graw Hill
_aNew York
_c1995
082 _a005.13C
300 _a823
546 _aENGLISH
999 _c22873
_d22873